000
00320 a2200109 4500
001
ART_18428
005
20260410161919.0
008
260409a
245
1
0
_a
Impuestos a los ingresos brutos
100
1
_a
Chalupowicz, Israel
773
0
_t
La información
_g
- Tomo XXXIV, Nº 561 (sep. 1976)
_w
REV14902
999
_c
27550
_d
27550